000 00878cam a2200217 4500
001 ABS60712
008 000000n1999 000 0 eng u
035 _a(Sirsi) u101195
100 _aDelargy, M.
245 _aIt's prime time.
260 _c1999
490 _aBuilding
_v264(809) 11 June 1999, 48-51(4)
520 _aLooks at government attempts to increase efficiency in its construction procurement through the use of strategies such as the Treasury's "Achieving Excellence" scheme and through prime contracting, which is being used in the Defence Estate's "Building Down Barriers" initiative. Looks at two pilot projects using prime contracting.
650 _aPRIME CONTRACTING
650 _aProcurement-old
650 _aDEFENCE ESTATES
650 _aGOVERNMENT
650 _aNHS ESTATES
690 _aBUILT ENVIRONMENT-BUILDING CONTRACT FORMS
942 _n0
999 _c60357
_d60357